| 000 | 00358nam a2200121Ia 4500 | ||
|---|---|---|---|
| 008 | 220620s9999||||xx |||||||||||||| ||und|| | ||
| 245 | 0 | _aSwitched Systems | |
| 546 | _aEnglish[eng] | ||
| 650 | _aAutomatic control engineering | ||
| 700 | _aKleban, Janusz | ||
| 856 | _uhttps://mts.intechopen.com/storage/books/3618/authors_book/authors_book.pdf | ||
| 942 | _cEB | ||
| 999 |
_c31017 _d31017 |
||